A. WESLEY POWELL LEARNING RESOURCE CENTRE (WPLRC)

Wonderful Place to Learn, Research & Collaborate

The story of science in Americs (Record no. 6589)

MARC details
000 -LEADER
fixed length control field 00573nam a22002177a 4500
001 - ACCESSION NUMBER
control field 5355
003 - CONTROL NUMBER IDENTIFIER
control field OSt
005 - DATE AND TIME OF LATEST TRANSACTION
control field 20160527100028.0
008 - FIXED-LENGTH DATA ELEMENTS--GENERAL INFORMATION
fixed length control field 160527b xxu||||| |||| 00| 0 eng d
020 ## - INTERNATIONAL STANDARD BOOK NUMBER
International Standard Book Number 000000
040 ## - CATALOGING SOURCE
Transcribing agency DDC
082 ## - DEWEY DECIMAL CLASSIFICATION NUMBER
Classification number 509. 73/ DEC
100 ## - MAIN ENTRY--PERSONAL NAME
Relator code Decamp, L. Sprague
245 ## - TITLE STATEMENT
Title The story of science in Americs
260 ## - PUBLICATION, DISTRIBUTION, ETC. (IMPRINT)
Place of publication, distribution, etc. United States :
Name of publisher, distributor, etc. Charles Scribner's Sons
Date of publication, distribution, etc. 1967
300 ## - PHYSICAL DESCRIPTION
Extent 282 p. :
Other physical details ill. ;
Dimensions 24 cm.
500 ## - GENERAL NOTE
General note Includes index
700 ## - ADDED ENTRY--PERSONAL NAME
Relator code Decamo, Catherine C.
700 ## - ADDED ENTRY--PERSONAL NAME
Relator code Fisher, Leonard Everett illustrator
942 ## - ADDED ENTRY ELEMENTS (KOHA)
Source of classification or shelving scheme Dewey Decimal Classification
Koha item type Circ Books
Holdings
Withdrawn status Lost status Source of classification or shelving scheme Damaged status Not for loan Home library Current library Date acquired Total Checkouts Full call number Barcode Date last seen Price effective from Koha item type
    Dewey Decimal Classification     Wesley Powell Learning Resource Centre Wesley Powell Learning Resource Centre 05/27/2016   509. 73/ DEC (5355) (5355) 05/27/2016 05/27/2016 Circ Books
    Dewey Decimal Classification     Wesley Powell Learning Resource Centre Wesley Powell Learning Resource Centre 05/27/2016   509. 73/ DEC (5357) (5357) 05/27/2016 05/27/2016 Circ Books